[Event "EU-ch Blitz"]
[Site "Zagreb"]
[Date "2023.12.16"]
[Round "5"]
[White "Stefansson, Hannes"]
[Black "Kalajzic, Ivan"]
[Result "1-0"]
[WhiteElo "2498"]
[BlackElo "2102"]
[PlyCount "69"]
[EventDate "2023.12.16"]
[EventType "swiss (blitz)"]
[EventRounds "13"]
[EventCountry "CRO"]
[SourceTitle "CB51_2023"]
[SourceDate "2023.12.20"]
[SourceVersion "1"]
[SourceVersionDate "2023.12.20"]
[SourceQuality "1"]

1. e4 Nc6 2. Nf3 d6 3. d4 g6 4. d5 Nb8 5. Be3 Bg7 6. Bd4 Nf6 7. c4 Bg4 8. Bd3 c5 9. Bc3 Nbd7 10. Nbd2 0-0 11. h3 Bxf3 12. Nxf3 Nh5 13. Bxg7 Kxg7 14. 0-0 Nf4 15. Qd2 Nxd3 16. Qxd3 Ne5 17. Nxe5 dxe5 18. f4 exf4 19. e5 b5 20. cxb5 Qb6 21. Kh1 a6 22. a4 axb5 23. axb5 Rxa1 24. Rxa1 Rb8 25. d6 c4 26. Qc3 exd6 27. exd6+ Kg8 28. Rd1 Qxb5 29. Qf6 Qd7 30. Qxf4 Rxb2 31. Qxc4 Rb6 32. Qd4 Rc6 33. Qf6 Rc8 34. Re1 Rd8 35. Re7 1-0

[Event "Dubrovnik Advent op"]
[Site "Dubrovnik"]
[Date "2023.12.03"]
[Round "5"]
[White "Kadusic, Jasmin"]
[Black "Kalajzic, Ivan"]
[Result "0-1"]
[WhiteElo "1962"]
[BlackElo "2102"]
[PlyCount "74"]
[EventDate "2023.12.01"]
[EventType "swiss"]
[EventRounds "6"]
[EventCountry "CRO"]
[SourceTitle "CB49_2023"]
[SourceDate "2023.12.06"]
[SourceVersion "1"]
[SourceVersionDate "2023.12.06"]
[SourceQuality "1"]

1. e4 Nc6 2. d4 e5 3. d5 Nce7 4. c4 Nf6 5. Nc3 Ng6 6. g3 Bc5 7. Qe2 d6 8. Be3 Bxe3 9. Qxe3 0-0 10. Be2 Ng4 11. Qd2 f5 12. f3 Nf6 13. 0-0-0 fxe4 14. Nxe4 Qe7 15. Bd3 Nxe4 16. Bxe4 Bf5 17. Re1 Rf7 18. h4 Nf8 19. Qd3 Bxe4 20. Rxe4 Nd7 21. Ne2 Nc5 22. Qe3 Nxe4 23. Qxe4 Raf8 24. Rf1 Qd7 25. g4 c6 26. Kd2 cxd5 27. cxd5 Qb5 28. Kc2 Rf4 29. Qe3 Rxg4 30. Rf2 Rxh4 31. Nc3 Qc5 32. Qe2 e4 33. Rg2 Rhf4 34. Kb3 exf3 35. Qe6+ Kh8 36. Rh2 Qc4+ 37. Kc2 Qc8 0-1

[Event "Dubrovnik Advent op"]
[Site "Dubrovnik"]
[Date "2023.12.01"]
[Round "2"]
[White "Simunic, Krunoslav"]
[Black "Kalajzic, Ivan"]
[Result "0-1"]
[WhiteElo "1907"]
[BlackElo "2102"]
[PlyCount "62"]
[EventDate "2023.12.01"]
[EventType "swiss"]
[EventRounds "6"]
[EventCountry "CRO"]
[SourceTitle "CB49_2023"]
[SourceDate "2023.12.06"]
[SourceVersion "1"]
[SourceVersionDate "2023.12.06"]
[SourceQuality "1"]

1. d4 d5 2. c4 Nc6 3. Nc3 dxc4 4. e3 Nf6 5. Bxc4 e6 6. Nf3 Bb4 7. 0-0 0-0 8. Qc2 b6 9. Rd1 Bb7 10. d5 exd5 11. Nxd5 Bd6 12. e4 Nxd5 13. Bxd5 Nb4 14. Qa4 Nxd5 15. exd5 Qf6 16. Ng5 Rfe8 17. Be3 Rxe3 18. Qh4 h6 19. fxe3 hxg5 20. Qd4 Be5 21. Qc4 Qd6 22. h4 gxh4 23. Qxh4 Bxb2 24. Rab1 Bf6 25. Qh5 Re8 26. Kf2 Re5 27. Qh3 Rxd5 28. Rh1 Rd2+ 29. Ke1 g6 30. e4 Rd3 31. Qg4 Re3+ 0-1

[Event "Titled Tuesday intern op 16th May Early"]
[Site "Chess.com INT"]
[Date "2023.05.16"]
[Round "5"]
[White "Al Tarbosh, Ward"]
[Black "Kalajzic, Ivan"]
[Result "1-0"]
[WhiteElo "2256"]
[BlackElo "2062"]
[PlyCount "91"]
[EventDate "2023.05.16"]
[EventType "swiss (blitz)"]
[EventRounds "11"]
[EventCountry "USA"]
[SourceTitle "CBM 214 Extra"]
[Source "ChessBase"]
[SourceDate "2023.07.31"]
[SourceVersion "1"]
[SourceVersionDate "2023.07.31"]
[SourceQuality "1"]

1. d4 Nc6 2. d5 Ne5 3. f4 Ng6 4. f5 Ne5 5. Bf4 d6 6. e4 g6 7. Bxe5 dxe5 8. fxg6 hxg6 9. Nf3 Qd6 10. Nbd2 Bg7 11. Bb5+ Kf8 12. Qe2 a6 13. Bd3 b5 14. 0-0-0 Nf6 15. Rhf1 Kg8 16. h3 Nh5 17. Qf2 Bh6 18. Nxe5 Nf4 19. Ng4 Bxg4 20. hxg4 Bg5 21. g3 Nxd3+ 22. cxd3 Rh7 23. Kb1 Bxd2 24. Rxd2 Rf8 25. Rc2 Rh3 26. Rg1 c5 27. Rxc5 Kg7 28. Rc6 Qe5 29. Qf4 Qd4 30. Rd1 Rh2 31. Qc1 Rfh8 32. Qc3 Qxc3 33. bxc3 Rg2 34. e5 Rhh2 35. Rxa6 Rb2+ 36. Ka1 Rbc2 37. d6 exd6 38. exd6 Rhd2 39. Rxd2 Rxd2 40. d4 b4 41. cxb4 Rxd4 42. b5 Rxg4 43. b6 Rxg3 44. b7 Rg1+ 45. Kb2 Rg2+ 46. Ka3 1-0

[Event "Titled Tuesday intern op 09th May Early"]
[Site "Chess.com INT"]
[Date "2023.05.09"]
[Round "6"]
[White "Kalajzic, Ivan"]
[Black "Dyachuk, Artem"]
[Result "1-0"]
[WhiteElo "2062"]
[BlackElo "2312"]
[PlyCount "57"]
[EventDate "2023.05.09"]
[EventType "swiss (blitz)"]
[EventRounds "11"]
[EventCountry "USA"]
[SourceTitle "CBM 214 Extra"]
[Source "ChessBase"]
[SourceDate "2023.07.31"]
[SourceVersion "1"]
[SourceVersionDate "2023.07.31"]
[SourceQuality "1"]

1. b3 e5 2. Bb2 Nc6 3. e3 d5 4. Bb5 Bd6 5. f4 d4 6. fxe5 Bxe5 7. Nf3 Bf6 8. Bxc6+ bxc6 9. Bxd4 c5 10. Bxf6 Qxf6 11. Nc3 Ne7 12. 0-0 0-0 13. Qe1 Bb7 14. Nh4 Qe6 15. Qg3 Rad8 16. Rf2 f6 17. Raf1 Kh8 18. d3 g5 19. Nf5 Ng6 20. e4 Nf4 21. Rxf4 Qe5 22. Ne2 Rg8 23. R4f2 Qb2 24. Ne3 Rdf8 25. Qxc7 Rg7 26. Qxc5 Rc8 27. Qd4 Qxa2 28. Rxf6 a5 29. Rf8+ 1-0

[Event "Titled Tuesday intern op 02nd May Early"]
[Site "Chess.com INT"]
[Date "2023.05.02"]
[Round "1"]
[White "Mendez Fortes, Eduardo Jesus"]
[Black "Kalajzic, Ivan"]
[Result "0-1"]
[WhiteElo "2250"]
[BlackElo "2062"]
[PlyCount "62"]
[EventDate "2023.05.02"]
[EventType "swiss (blitz)"]
[EventRounds "11"]
[EventCountry "USA"]
[SourceTitle "EXT 2024"]
[Source "ChessBase"]
[SourceDate "2023.10.10"]
[SourceVersion "1"]
[SourceVersionDate "2023.10.10"]
[SourceQuality "1"]

1. e4 Nc6 2. Nf3 d6 3. Bb5 a6 4. Bxc6+ bxc6 5. 0-0 Nf6 6. Re1 Nd7 7. d4 c5 8. d5 g6 9. c4 Bg7 10. Qc2 0-0 11. Bd2 Re8 12. Bc3 e5 13. dxe6 Rxe6 14. Bxg7 Kxg7 15. Nc3 Bb7 16. Nd2 Qf6 17. Nd5 Bxd5 18. cxd5 Re7 19. Re2 Rae8 20. Rae1 Qd4 21. Kh1 f5 22. f3 Nf6 23. Nb3 Qa4 24. exf5 Rxe2 25. Rxe2 Rxe2 26. Qxe2 Nxd5 27. fxg6 hxg6 28. Nc1 Qd4 29. h3 Ne3 30. Nd3 Nf5 31. g4 Ng3+ 0-1

[Event "Titled Tuesday intern op 18th Apr Early"]
[Site "Chess.com INT"]
[Date "2023.04.18"]
[Round "10"]
[White "Golubev, Mikhail"]
[Black "Kalajzic, Ivan"]
[Result "1-0"]
[WhiteElo "2461"]
[BlackElo "2062"]
[PlyCount "51"]
[EventDate "2023.04.18"]
[EventType "swiss (blitz)"]
[EventRounds "11"]
[EventCountry "USA"]
[SourceTitle "EXT 2024"]
[Source "ChessBase"]
[SourceDate "2023.10.10"]
[SourceVersion "1"]
[SourceVersionDate "2023.10.10"]
[SourceQuality "1"]

1. e4 c6 2. d4 d5 3. Nc3 b5 4. e5 b4 5. Nce2 Bf5 6. Ng3 Bg6 7. h4 h6 8. h5 Bh7 9. Bd3 Bxd3 10. Qxd3 e6 11. f4 Qb6 12. f5 Qa6 13. fxe6 Qxd3 14. exf7+ Kxf7 15. cxd3 Ne7 16. N1e2 g5 17. 0-0+ Ke8 18. Be3 Rh7 19. Rf6 Nd7 20. Rd6 Rc8 21. Rc1 Nb8 22. Rf6 Nd7 23. Rf2 Rf7 24. e6 Rxf2 25. exd7+ Kxd7 26. Kxf2 1-0

[Event "Titled Tuesday intern op 18th Apr Early"]
[Site "Chess.com INT"]
[Date "2023.04.18"]
[Round "2"]
[White "Kalajzic, Ivan"]
[Black "Principe, Alexander"]
[Result "0-1"]
[WhiteElo "2062"]
[BlackElo "2295"]
[PlyCount "90"]
[EventDate "2023.04.18"]
[EventType "swiss (blitz)"]
[EventRounds "11"]
[EventCountry "USA"]
[SourceTitle "EXT 2024"]
[Source "ChessBase"]
[SourceDate "2023.10.10"]
[SourceVersion "1"]
[SourceVersionDate "2023.10.10"]
[SourceQuality "1"]

1. b3 d5 2. Bb2 Bf5 3. e3 Nd7 4. Nf3 c6 5. d4 f6 6. Bd3 Bxd3 7. cxd3 Qc7 8. Nbd2 e5 9. dxe5 fxe5 10. 0-0 Ngf6 11. Rc1 Bd6 12. e4 d4 13. a3 0-0 14. b4 Rae8 15. a4 Qd8 16. Qb3+ Kh8 17. b5 c5 18. Ng5 Qe7 19. f4 exf4 20. Nc4 Ne5 21. Nxd6 Qxd6 22. Rxf4 h6 23. Nh3 Ng6 24. Rf5 b6 25. Rcf1 Ng4 26. Rxf8+ Rxf8 27. Rxf8+ Nxf8 28. g3 Ne5 29. Bc1 Qe6 30. Qxe6 Nxe6 31. Nf2 c4 32. dxc4 Nc5 33. Bb2 Nxa4 34. Bxd4 Nf3+ 35. Kg2 Nxd4 36. Nd3 Kg8 37. Nb4 Kf7 38. Nc6 Nxc6 39. bxc6 Ke6 40. Kf3 Nc5 41. c7 Kd7 42. Kf4 Kxc7 43. Kf5 Kd7 44. Kg6 Ne6 45. e5 a5 0-1

[Event "Titled Tuesday intern op 18th Apr Early"]
[Site "Chess.com INT"]
[Date "2023.04.18"]
[Round "9"]
[White "Matveeva, Olga"]
[Black "Kalajzic, Ivan"]
[Result "0-1"]
[WhiteElo "2111"]
[BlackElo "2062"]
[PlyCount "72"]
[EventDate "2023.04.18"]
[EventType "swiss (blitz)"]
[EventRounds "11"]
[EventCountry "USA"]
[SourceTitle "EXT 2024"]
[Source "ChessBase"]
[SourceDate "2023.10.10"]
[SourceVersion "1"]
[SourceVersionDate "2023.10.10"]
[SourceQuality "1"]

1. d4 Nc6 2. Nf3 d6 3. g3 Bg4 4. Bg2 e5 5. d5 Nce7 6. e4 Nf6 7. Nbd2 g6 8. 0-0 Bg7 9. h3 Bd7 10. c4 0-0 11. Qc2 Ne8 12. b4 h6 13. c5 f5 14. Bb2 f4 15. g4 Bf6 16. Ne1 h5 17. f3 hxg4 18. hxg4 Bh4 19. Nd3 Bg3 20. Rfd1 Bb5 21. Nf1 Bxd3 22. Rxd3 g5 23. Nd2 Ng6 24. Nc4 b5 25. cxb6 axb6 26. a4 Qe7 27. Kf1 Qh7 28. a5 bxa5 29. bxa5 Qh2 30. a6 Nh4 31. a7 Nf6 32. Nxe5 dxe5 33. Bxe5 Nxg4 34. fxg4 f3 35. d6 fxg2+ 36. Ke2 g1Q# 0-1

[Event "Titled Tuesday intern op 04th Apr Late"]
[Site "Chess.com INT"]
[Date "2023.04.04"]
[Round "8"]
[White "Kalajzic, Ivan"]
[Black "Novikova, Margarita"]
[Result "1-0"]
[WhiteElo "2062"]
[BlackElo "1985"]
[PlyCount "99"]
[EventDate "2023.04.04"]
[EventType "swiss (blitz)"]
[EventRounds "11"]
[EventCountry "USA"]
[SourceTitle "EXT 2024"]
[Source "ChessBase"]
[SourceDate "2023.10.10"]
[SourceVersion "1"]
[SourceVersionDate "2023.10.10"]
[SourceQuality "1"]

1. b3 Nf6 2. Bb2 d6 3. Bxf6 exf6 4. c4 g6 5. Nc3 Bg7 6. g3 0-0 7. Bg2 f5 8. e3 Nc6 9. Nge2 Ne5 10. d4 Ng4 11. Qd3 Rb8 12. 0-0 a6 13. b4 b6 14. a4 a5 15. b5 Bb7 16. Nd5 Nf6 17. Nef4 Nxd5 18. Bxd5 Bc8 19. Rad1 g5 20. Ne2 Qf6 21. Nc3 Kh8 22. Bg2 f4 23. exf4 gxf4 24. Nd5 Qd8 25. Nxf4 Bg4 26. Bf3 Bxf3 27. Qxf3 Qf6 28. Kg2 Rbc8 29. Nd5 Qd8 30. Rfe1 c6 31. bxc6 Rxc6 32. Ne3 Qc8 33. h4 Qd7 34. Nd5 Re8 35. Nf6 Bxf6 36. Qxf6+ Kg8 37. Qg5+ Kh8 38. Qd5 f6 39. Re3 Rcc8 40. Rde1 Rxe3 41. Rxe3 Re8 42. Rxe8+ Qxe8 43. Qxd6 Qe4+ 44. Kh2 Qf3 45. Qf4 Qc6 46. d5 Qc5 47. Qxf6+ Kg8 48. d6 Qxc4 49. d7 Qxh4+ 50. Qxh4 1-0

[Event "Titled Tuesday intern op 04th Apr Early"]
[Site "Chess.com INT"]
[Date "2023.04.04"]
[Round "9"]
[White "Kalajzic, Ivan"]
[Black "Shuvalov, Evgenij"]
[Result "0-1"]
[WhiteElo "2062"]
[BlackElo "2118"]
[PlyCount "70"]
[EventDate "2023.04.04"]
[EventType "swiss (blitz)"]
[EventRounds "11"]
[EventCountry "USA"]
[SourceTitle "EXT 2024"]
[Source "ChessBase"]
[SourceDate "2023.10.10"]
[SourceVersion "1"]
[SourceVersionDate "2023.10.10"]
[SourceQuality "1"]

1. d4 Nf6 2. Nc3 e6 3. Bg5 a6 4. e4 d5 5. exd5 exd5 6. a3 Be7 7. Bd3 Nc6 8. Nce2 Bg4 9. h3 Bh5 10. g4 Bg6 11. Nf3 Ne4 12. Bxe7 Nxe7 13. Ne5 f6 14. Nxg6 Nxg6 15. f3 Nd6 16. Qd2 Nc4 17. Bxc4 dxc4 18. h4 Qd5 19. Qe3+ Kf7 20. 0-0-0 Rhe8 21. Qf2 b5 22. h5 Ne7 23. Nf4 Qd6 24. Qd2 c3 25. bxc3 Qxa3+ 26. Kb1 Rab8 27. Rhe1 b4 28. c4 b3 29. c3 b2 30. Kc2 Qa4+ 31. Kd3 Nc6 32. Rxe8 Rxe8 33. Rb1 Na5 34. Rxb2 Nxc4 35. Qc2 Re3# 0-1

[Event "Titled Tuesday intern op 04th Apr Early"]
[Site "Chess.com INT"]
[Date "2023.04.04"]
[Round "7"]
[White "Matute Escobar, Roxanny"]
[Black "Kalajzic, Ivan"]
[Result "0-1"]
[WhiteElo "1950"]
[BlackElo "2062"]
[PlyCount "102"]
[EventDate "2023.04.04"]
[EventType "swiss (blitz)"]
[EventRounds "11"]
[EventCountry "USA"]
[SourceTitle "EXT 2024"]
[Source "ChessBase"]
[SourceDate "2023.10.10"]
[SourceVersion "1"]
[SourceVersionDate "2023.10.10"]
[SourceQuality "1"]

1. e4 Nc6 2. d4 e5 3. d5 Nce7 4. Nf3 Ng6 5. Be2 Nf6 6. Nc3 Bb4 7. Qd3 0-0 8. h4 Nf4 9. Bxf4 exf4 10. Ng5 d6 11. 0-0-0 h6 12. Nh3 Bxh3 13. Rxh3 Qe7 14. f3 a6 15. g3 fxg3 16. Rxg3 Nh5 17. Rg4 Qe5 18. Qd2 Bxc3 19. bxc3 Kh7 20. Rdg1 g6 21. Qe3 Rae8 22. Bd3 Qxd5 23. Qd2 Qxa2 24. Qg2 Rg8 25. f4 Qe6 26. f5 Qf6 27. fxg6+ fxg6 28. Rf1 Qe6 29. e5 dxe5 30. Rg1 Nf4 31. Qe4 Qf6 32. Qxb7 Re7 33. Qe4 Reg7 34. h5 Kh8 35. hxg6 h5 36. Rg5 c5 37. Bc4 Rd8 38. Qf3 Rd5 39. Rxh5+ Nxh5 40. Qxh5+ Kg8 41. Bxd5+ Kf8 42. Qh8+ Ke7 43. Re1 Kd6 44. Qb8+ Kxd5 45. Qa8+ Kc4 46. Qxa6+ Kd5 47. Qa8+ Kc4 48. Qe4+ Kb5 49. Kd2 Qf4+ 50. Ke2 Qxe4+ 51. Kd1 Qf3+ 0-1

[Event "Titled Tuesday intern op 04th Apr Late"]
[Site "Chess.com INT"]
[Date "2023.04.04"]
[Round "4"]
[White "Vaglio Munoz, Jaime"]
[Black "Kalajzic, Ivan"]
[Result "0-1"]
[WhiteElo "2174"]
[BlackElo "2062"]
[PlyCount "126"]
[EventDate "2023.04.04"]
[EventType "swiss (blitz)"]
[EventRounds "11"]
[EventCountry "USA"]
[SourceTitle "EXT 2024"]
[Source "ChessBase"]
[SourceDate "2023.10.10"]
[SourceVersion "1"]
[SourceVersionDate "2023.10.10"]
[SourceQuality "1"]

1. Nf3 Nc6 2. c4 e5 3. b3 g6 4. Bb2 Bg7 5. Nc3 Nge7 6. Nd5 0-0 7. g3 d6 8. Rb1 Nxd5 9. cxd5 Ne7 10. e4 h6 11. d4 Bg4 12. dxe5 dxe5 13. h3 Bxf3 14. Qxf3 f5 15. Bc4 Kh7 16. 0-0 fxe4 17. Qxe4 Nf5 18. h4 Nd6 19. Qe2 e4 20. h5 Bxb2 21. hxg6+ Kxg6 22. Qg4+ Qg5 23. Qxg5+ Kxg5 24. Rxb2 Rf3 25. Be2 Rc3 26. Kg2 Rf8 27. Rh1 Nf5 28. Rd2 e3 29. f4+ Kg6 30. Rb2 Rd8 31. Rd1 c5 32. dxc6 Rxd1 33. Bxd1 bxc6 34. Bc2 Kf6 35. Bxf5 Kxf5 36. Kf3 e2+ 37. Kf2 Rxg3 38. Rxe2 Kxf4 39. Rc2 Rg6 40. Rc4+ Ke5 41. Ra4 Rg7 42. Ke3 Kf5 43. Ra5+ Kg4 44. Ra4+ Kg3 45. Ra5 Rg5 46. Rxa7 h5 47. Rf7 h4 48. Rf3+ Kg2 49. Rf4 h3 50. Rh4 h2 51. Kd4 h1Q 52. Rxh1 Kxh1 53. a4 Kg2 54. Kc4 Kf3 55. b4 Ke3 56. a5 Rg4+ 57. Kc5 Kd3 58. a6 Rg8 59. Kxc6 Kc4 60. b5 Rg6+ 61. Kb7 Kxb5 62. a7 Rg7+ 63. Kb8 Kb6 0-1

[Event "Titled Tuesday intern op 04th Apr Late"]
[Site "Chess.com INT"]
[Date "2023.04.04"]
[Round "7"]
[White "Vifleemskaia, Svetlana"]
[Black "Kalajzic, Ivan"]
[Result "1-0"]
[WhiteElo "1971"]
[BlackElo "2062"]
[PlyCount "201"]
[EventDate "2023.04.04"]
[EventType "swiss (blitz)"]
[EventRounds "11"]
[EventCountry "USA"]
[SourceTitle "EXT 2024"]
[Source "ChessBase"]
[SourceDate "2023.10.10"]
[SourceVersion "1"]
[SourceVersionDate "2023.10.10"]
[SourceQuality "1"]

1. d4 Nc6 2. Nf3 d6 3. e4 Bg4 4. Be2 e5 5. d5 Nce7 6. h3 Bd7 7. c4 Nf6 8. Nc3 g6 9. Bg5 Bg7 10. Qd2 0-0 11. Bh6 a6 12. Bxg7 Kxg7 13. 0-0 b5 14. b3 b4 15. Nd1 Nxe4 16. Qxb4 a5 17. Qe1 a4 18. Nc3 Nf6 19. Qd2 h6 20. Bd3 Nh7 21. b4 f5 22. Bc2 a3 23. c5 Ng8 24. c6 Bc8 25. b5 Qf6 26. Rab1 g5 27. Nh2 g4 28. hxg4 fxg4 29. Ne4 Qh4 30. Qd3 Bf5 31. Qe2 Bxe4 32. Qxe4 Ngf6 33. Qg6+ Kh8 34. b6 Rg8 35. Qf5 cxb6 36. Rxb6 g3 37. Nf3 Qf4 38. Qxf4 exf4 39. c7 Nxd5 40. Rxd6 Nxc7 41. Rd7 Rg7 42. Rfd1 Rxd7 43. Rxd7 Ne6 44. Rxh7+ Kg8 45. Rxh6 Nc5 46. fxg3 fxg3 47. Rg6+ Kf7 48. Rxg3 Rb8 49. Kh2 Rb2 50. Bg6+ Kf6 51. Nd4 Rxa2 52. Nb5 Ra1 53. Nxa3 Nd7 54. Nc4 Nf8 55. Bd3 Ne6 56. Rf3+ Kg5 57. Kg3 Nd4 58. Re3 Rd1 59. Ne5 Nf5+ 60. Bxf5 Kxf5 61. Nf3 Ra1 62. Re5+ Kg6 63. Kg4 Ra4+ 64. Kg3 Ra2 65. Rg5+ Kh6 66. Rc5 Kg6 67. Rc4 Kf5 68. Nd4+ Ke4 69. Nf3+ Kd5 70. Rf4 Ke6 71. Rf8 Ra1 72. Kg4 Ke7 73. Rf4 Ra5 74. g3 Ra1 75. Re4+ Kf7 76. Rf4+ Kg7 77. Ne5 Ra8 78. Rf7+ Kh8 79. Kf5 Rg8 80. g4 Rb8 81. g5 Rb2 82. g6 Rf2+ 83. Kg5 Rg2+ 84. Kf6 Rf2+ 85. Ke7 Kg8 86. Rxf2 Kg7 87. Rf7+ Kh6 88. Rh7+ Kg5 89. g7 Kf5 90. g8Q Ke4 91. Rf7 Kd5 92. Qg6 Kc5 93. Qd6+ Kb5 94. Nf3 Ka5 95. Rf5+ Ka4 96. Qd4+ Ka3 97. Nh4 Kb3 98. Rf3+ Kc2 99. Qf2+ Kd1 100. Rg3 Kc1 101. Rg1# 1-0

[Event "Titled Tuesday intern op 21st Mar Late"]
[Site "Chess.com INT"]
[Date "2023.03.21"]
[Round "7"]
[White "Cella, Glaucio Dalla Cortt"]
[Black "Kalajzic, Ivan"]
[Result "1-0"]
[WhiteElo "1894"]
[BlackElo "2062"]
[PlyCount "27"]
[EventDate "2023.03.21"]
[EventType "swiss (blitz)"]
[EventRounds "11"]
[EventCountry "USA"]
[SourceTitle "EXT 2024"]
[Source "ChessBase"]
[SourceDate "2023.10.10"]
[SourceVersion "1"]
[SourceVersionDate "2023.10.10"]
[SourceQuality "1"]

1. e4 Nc6 2. Nf3 d6 3. d4 Bg4 4. Bc4 Nf6 5. c3 e5 6. Qb3 Qd7 7. Bxf7+ Qxf7 8. Qxb7 Rb8 9. Qxc6+ Qd7 10. Qxd7+ Bxd7 11. dxe5 Nxe4 12. 0-0 Bg4 13. exd6 Bxd6 14. Re1 1-0

[Event "Titled Tuesday intern op 21st Mar Late"]
[Site "Chess.com INT"]
[Date "2023.03.21"]
[Round "5"]
[White "Kalajzic, Ivan"]
[Black "Hajiyev, Kanan"]
[Result "1-0"]
[WhiteElo "2062"]
[BlackElo "2183"]
[PlyCount "115"]
[EventDate "2023.03.21"]
[EventType "swiss (blitz)"]
[EventRounds "11"]
[EventCountry "USA"]
[SourceTitle "EXT 2024"]
[Source "ChessBase"]
[SourceDate "2023.10.10"]
[SourceVersion "1"]
[SourceVersionDate "2023.10.10"]
[SourceQuality "1"]

1. b3 b6 2. Bb2 Bb7 3. e3 Nf6 4. Nf3 e6 5. c4 Be7 6. Nc3 0-0 7. Be2 d5 8. 0-0 c5 9. cxd5 Nxd5 10. Nxd5 Bxd5 11. d4 Bf6 12. Qc2 Nc6 13. dxc5 Bxb2 14. Qxb2 bxc5 15. Rac1 Qa5 16. Nd2 Rac8 17. Bf3 Nb4 18. Bxd5 exd5 19. a3 Nd3 20. Qc3 Qxc3 21. Rxc3 Ne5 22. Rfc1 Rb8 23. Kf1 Rb6 24. Ke2 Nd7 25. Rd3 d4 26. exd4 cxd4 27. Rxd4 Re8+ 28. Re4 Rxe4+ 29. Nxe4 f5 30. Nd2 Rb7 31. b4 Kf7 32. Nf3 h6 33. Rc6 Nf6 34. Ne5+ Ke7 35. f3 f4 36. Ra6 Nd5 37. Rxa7 Rxa7 38. Nc6+ Kd6 39. Nxa7 Nc3+ 40. Kd3 Nd5 41. Kc4 Ne3+ 42. Kb5 Nxg2 43. a4 Ne1 44. a5 Nxf3 45. Nc6 Ne5 46. Nxe5 Kxe5 47. a6 f3 48. a7 f2 49. a8Q f1Q+ 50. Kb6 Qf2+ 51. Kc7 Qxh2 52. b5 Qc2+ 53. Qc6 Qh7 54. b6 g5+ 55. Qd7 Qc2+ 56. Kd8 g4 57. b7 g3 58. b8Q+ 1-0

[Event "Titled Tuesday intern op 21st Mar Late"]
[Site "Chess.com INT"]
[Date "2023.03.21"]
[Round "3"]
[White "Maranhao, Jose Renato Ruiz"]
[Black "Kalajzic, Ivan"]
[Result "0-1"]
[WhiteElo "1923"]
[BlackElo "2062"]
[PlyCount "62"]
[EventDate "2023.03.21"]
[EventType "swiss (blitz)"]
[EventRounds "11"]
[EventCountry "USA"]
[SourceTitle "EXT 2024"]
[Source "ChessBase"]
[SourceDate "2023.10.10"]
[SourceVersion "1"]
[SourceVersionDate "2023.10.10"]
[SourceQuality "1"]

1. g3 Nc6 2. Bg2 e5 3. b3 Bc5 4. Bb2 d6 5. e3 Bf5 6. Ne2 Qd7 7. d4 Bb6 8. dxe5 dxe5 9. Qxd7+ Bxd7 10. Na3 0-0-0 11. 0-0-0 f6 12. Nc4 Nge7 13. Rd2 Be6 14. Nxb6+ axb6 15. Rhd1 Bg4 16. f3 Be6 17. c4 h5 18. Nc3 h4 19. g4 h3 20. Bf1 f5 21. g5 Ng6 22. Nd5 Bxd5 23. cxd5 Nce7 24. Bc4 Rh5 25. d6 cxd6 26. Rxd6 Rxd6 27. Rxd6 Kc7 28. Re6 Rxg5 29. Ba3 Kd7 30. Rd6+ Ke8 31. Re6 Rg2 0-1

[Event "Titled Tuesday intern op 14th Mar Early"]
[Site "Chess.com INT"]
[Date "2023.03.14"]
[Round "9"]
[White "Bas Mas, Jose Joaquin"]
[Black "Kalajzic, Ivan"]
[Result "1-0"]
[WhiteElo "2210"]
[BlackElo "2062"]
[PlyCount "133"]
[EventDate "2023.03.14"]
[EventType "swiss (blitz)"]
[EventRounds "11"]
[EventCountry "USA"]
[SourceTitle "EXT 2024"]
[Source "ChessBase"]
[SourceDate "2023.10.10"]
[SourceVersion "1"]
[SourceVersionDate "2023.10.10"]
[SourceQuality "1"]

1. e4 Nc6 2. d4 d5 3. e5 f6 4. f4 Bf5 5. Nc3 e6 6. a3 Be4 7. Nxe4 dxe4 8. c3 a6 9. Bc4 Qd7 10. Ne2 Nh6 11. 0-0 f5 12. b4 Be7 13. Be3 Nd8 14. h3 c6 15. a4 0-0 16. Qb3 Kh8 17. Kh1 Rc8 18. a5 Nhf7 19. g4 g6 20. Rg1 Re8 21. Rg2 Nh6 22. Rag1 Bh4 23. g5 Nhf7 24. Qd1 Rg8 25. Bf2 Bxf2 26. Rxf2 h5 27. h4 Kg7 28. Kg2 Qc7 29. Ng3 Rh8 30. Nf1 Ra8 31. Ne3 b5 32. axb6 Qxb6 33. Ra2 Nb7 34. Bxe6 Nfd8 35. Nxf5+ gxf5 36. Bxf5 a5 37. Bxe4 Ne6 38. Qf3 axb4 39. Rf2 Rhf8 40. f5 Nxd4 41. f6+ Kf7 42. Qxh5+ Ke6 43. Qg4+ Kxe5 44. Rf5+ Nxf5 45. Qxf5+ Kd6 46. Rd1+ Kc7 47. Qe5+ Nd6 48. Qxd6+ Kb7 49. Qd7+ Qc7 50. Bxc6+ Kb6 51. cxb4 Ra2+ 52. Kf3 Qxc6+ 53. Qxc6+ Kxc6 54. Kg4 Rb8 55. f7 Rxb4+ 56. Kh5 Rf2 57. g6 Rff4 58. Kg5 Rg4+ 59. Kf6 Rbf4+ 60. Kg7 Rxh4 61. f8Q Rxf8 62. Kxf8 Rf4+ 63. Kg8 Kc7 64. g7 Kc8 65. Rh1 Kd7 66. Kh8 Rg4 67. g8Q 1-0

[Event "Titled Tuesday intern op 14th Mar Late"]
[Site "Chess.com INT"]
[Date "2023.03.14"]
[Round "5"]
[White "Kalajzic, Ivan"]
[Black "Wu, Sibo"]
[Result "1-0"]
[WhiteElo "2062"]
[BlackElo "2082"]
[PlyCount "72"]
[EventDate "2023.03.14"]
[EventType "swiss (blitz)"]
[EventRounds "11"]
[EventCountry "USA"]
[SourceTitle "EXT 2024"]
[Source "ChessBase"]
[SourceDate "2023.10.10"]
[SourceVersion "1"]
[SourceVersionDate "2023.10.10"]
[SourceQuality "1"]

1. d4 d5 2. Nc3 Nf6 3. Bg5 c6 4. e3 Bf5 5. f4 e6 6. Nf3 Nbd7 7. Be2 Be7 8. 0-0 Ne4 9. Bxe7 Qxe7 10. Nxe4 Bxe4 11. c3 Bxf3 12. Bxf3 h5 13. e4 dxe4 14. Bxe4 Nf6 15. Bf3 h4 16. Re1 h3 17. g3 0-0 18. f5 Qd6 19. fxe6 fxe6 20. Bg4 Rae8 21. Bxh3 Nd5 22. Qg4 e5 23. dxe5 Rxe5 24. Rxe5 Qxe5 25. Qe6+ Qxe6 26. Bxe6+ Kh8 27. Bxd5 cxd5 28. Rd1 Rd8 29. c4 d4 30. Kf2 Kh7 31. Kf3 Kg6 32. Ke4 Re8+ 33. Kd3 Kg5 34. Rf1 Rd8 35. Rf7 g6 36. Rxb7 a5 1-0